Rainbow Consonants Quiz Stats

 Plays Quiz Updated Dec 2, 2017

Also try: Planet Consonants
Challenge
Share
Tweet
Embed
Score 0/9 Timer 00:30
10 Plays Today
% Correct
???
92.6%
???
87.5%
???
85.3%
???
79.8%
???
77%
???
73.4%
???
59.9%
???
57.9%
???
46.3%

You're not logged in!

Compare scores with friends on all Sporcle quizzes.
Join for Free
OR
Log In

You Might Also Like...

Show Comments

Extras

Top Quizzes Today


Score Distribution

Your Account Isn't Verified!

In order to create a playlist on Sporcle, you need to verify the email address you used during registration. Go to your Sporcle Settings to finish the process.

Report this User

Report this user for behavior that violates our Community Guidelines.

Details: